Report of the Foodgrains Enquiry Committee, 1957 (Record no. 394626)

000 -LEADER
fixed length control field 00553cam a22001457a 4500
008 - FIXED-LENGTH DATA ELEMENTS--GENERAL INFORMATION
fixed length control field 180718b1957 xxu||||| |||| 00| 0 eng d
082 ## - DEWEY DECIMAL CLASSIFICATION NUMBER
Classification number Z4x54 In2e
100 ## - MAIN ENTRY--PERSONAL NAME
Personal name India. Foodgrains Enquiry Committee
245 ## - TITLE STATEMENT
Title Report of the Foodgrains Enquiry Committee, 1957
Statement of responsibility, etc. by Department of Food, Ministry of Food and Agriculture
260 ## - PUBLICATION, DISTRIBUTION, ETC.
Place of publication, distribution, etc. New Delhi
Name of publisher, distributor, etc. Department of Food, Ministry of Food and Agriculture
Date of publication, distribution, etc. 1957
300 ## - PHYSICAL DESCRIPTION
Extent 191+p.
500 ## - GENERAL NOTE
General note Chairman: Ashok Mehta
700 ## - ADDED ENTRY--PERSONAL NAME
Personal name India. Ministry of Food and Agriculture
700 ## - ADDED ENTRY--PERSONAL NAME
Personal name Mehta, Ashok (Chairman)
Holdings
Withdrawn status Lost status Damaged status Not for loan Permanent Location Current Location Date acquired Full call number Barcode Date last seen Price effective from Koha item type
        Indian Institute of Public Administration Indian Institute of Public Administration 2000-09-26 Z4x54 In2e 14319 2018-07-21 2018-07-21 Book
        Indian Institute of Public Administration Indian Institute of Public Administration 2000-09-26 Z4x54 In2e 9532 2018-07-21 2018-07-21 Book

Powered by Koha